| 000 | 00405nam a22001337a 4500 | ||
|---|---|---|---|
| 003 | SGT | ||
| 082 |
_a378.1 _bYAD |
||
| 100 | _aYADAV KIRAN | ||
| 245 | _aUNRAVELLING THE EMPLOYABILITY PARADIGM FOR COMMERCE AND MANAGEMENT STUDENTS ALUMNI AND TEACHERS PERSPECTIVES ON THE ROLE OF SKILLS AND EDUCATION | ||
| 260 |
_aSGT UNIVERSITY _bFCAM _c2024 |
||
| 300 | _a184 | ||
| 650 | _aMANAGEMENT | ||
| 942 |
_2ddc _cTH |
||
| 999 |
_c33247 _d33247 |
||